| 000 | 01130nam0a2200289 4500 | ||
|---|---|---|---|
| 001 | RU\NLR\b_ik\195080 | ||
| 005 | 20250616231243.0 | ||
| 010 |
_a978-5-904819-42-2 _9500 |
||
| 035 | _a(NLR Aleph) 002267490 | ||
| 090 |
_a3904158 _c3904158 |
||
| 100 | _a20120503d2012 |||y0rusy50 ca | ||
| 101 | 0 | _aspa | |
| 102 |
_aRU _aPA |
||
| 105 | _aab ||||||||| | ||
| 200 | 1 |
_aHistoria del Canal de Panamá _eun enfoque historiográfico y histórico _fDr. Omar Enrique Iturralde Shailer, Dr. Ushakov Vladimir Alexandrovish |
|
| 210 |
_aSan Petersburgo _cПолторак _aPanamá _c[s.n.] _d2012 |
||
| 215 |
_a198 с., [1] л. цв. ил. _cил., карт. _d21 |
||
| 320 | _aБиблиогр.: с. 157-194 и в подстроч. примеч. | ||
| 541 | 0 |
_aИстория Панамского канала _zrus |
|
| 607 |
_aПанамский канал _xИстория _91830721 _3RU\NLR\AUTH\66827760 |
||
| 686 | 1 | _aТ3(7П)5,02 | |
| 700 | 1 |
_aIturralde Shailer _bO. E. _gOmar Enrique _4070 |
|
| 701 | 1 |
_aUšakov _bV. A. _gVladimir Aleksandrovič _4070 |
|
| 801 | 0 |
_aRU _bNLR _c20120503 _gRCR |
|
| 942 | _cBOOK | ||
| 980 | _aNB | ||